[Event "Tenerife Promocion Agosto 2"]
[Site "Tenerife"]
[Date "2013.09.02"]
[Round "7.1"]
[White "Rodriguez Redondo, Ethan"]
[Black "Szatkowski, Maksymilian"]
[Result "0-1"]
[WhiteElo "1546"]
[BlackElo "1573"]
[PlyCount "102"]
[EventDate "2013.08.19"]
[EventType "tourn"]
[EventRounds "9"]
[EventCountry "ESP"]
[SourceTitle "EXT 2024"]
[Source "ChessBase"]
[SourceDate "2023.10.10"]
[SourceVersion "1"]
[SourceVersionDate "2023.10.10"]
[SourceQuality "1"]

1. e4 e6 2. d4 d5 3. Nc3 Bb4 4. Bd3 Nf6 5. e5 Nfd7 6. a3 Bf8 7. Nce2 c5 8. c3 Nc6 9. f4 Qb6 10. Nf3 f6 11. 0-0 cxd4 12. cxd4 fxe5 13. fxe5 Ndxe5 14. Kh1 Nxf3 15. Rxf3 Bd7 16. Bg5 Ne7 17. Qc2 Rc8 18. Qd2 h6 19. Bxe7 Bxe7 20. Bg6+ Kd8 21. Raf1 Bf6 22. Rxf6 gxf6 23. Rxf6 Kc7 24. Nf4 Qc6 25. Nd3 Kb8 26. h3 Qb5 27. Ne5 Be8 28. Qf4 Ka8 29. Rxe6 Qe2 30. Rd6 Bxg6 31. Nxg6 Rc2 32. Qg3 Qf1+ 33. Kh2 Rc1 34. Qe3 Rc2 35. Qg3 Rg8 36. Nf4 Qxf4 37. Rd8+ Rxd8 38. Qxf4 a6 39. Qxh6 Rg8 40. Qe3 Rgxg2+ 41. Kh1 Rh2+ 42. Kg1 Rcg2+ 43. Kf1 Rxb2 44. Kg1 Rhc2 45. Qe1 Re2 46. Qf1 Ka7 47. Qc1 Rbc2 48. Qf1 Red2 49. Qa1 Rg2+ 50. Kh1 Rh2+ 51. Kg1 Rcg2+ 0-1

[Event "Tenerife Promocion Agosto 2"]
[Site "Tenerife"]
[Date "2013.08.21"]
[Round "2.1"]
[White "Szatkowski, Maksymilian"]
[Black "Cabrera Gomez, Tomas"]
[Result "1-0"]
[WhiteElo "1573"]
[BlackElo "1779"]
[PlyCount "99"]
[EventDate "2013.08.19"]
[EventType "tourn"]
[EventRounds "9"]
[EventCountry "ESP"]
[SourceTitle "EXT 2024"]
[Source "ChessBase"]
[SourceDate "2023.10.10"]
[SourceVersion "1"]
[SourceVersionDate "2023.10.10"]
[SourceQuality "1"]

1. g3 g6 2. Bg2 Bg7 3. c4 Nf6 4. Nf3 0-0 5. 0-0 d6 6. d4 Nc6 7. Nc3 a6 8. h3 e5 9. d5 Ne7 10. e4 Bd7 11. b4 Nc8 12. c5 Re8 13. Nd2 Re7 14. Nc4 Ne8 15. Na5 Rb8 16. c6 bxc6 17. dxc6 Be6 18. Nb7 Rxb7 19. cxb7 Nb6 20. Qc2 Qb8 21. Rd1 Qxb7 22. a4 f6 23. b5 a5 24. Bb2 Nc4 25. Nd5 Bxd5 26. Rxd5 Nxb2 27. Qxb2 Qb6 28. Rc1 c5 29. Qb3 Kh8 30. Rcd1 Bf8 31. Qf3 Rf7 32. Bf1 Nc7 33. R5d2 Kg7 34. Bc4 Rd7 35. h4 Be7 36. h5 Rd8 37. Kg2 Qb7 38. Qe3 Qb6 39. Rh1 g5 40. f4 h6 41. Rhd1 Rf8 42. Rf2 Ne8 43. fxe5 fxe5 44. Rxf8 Bxf8 45. Qf3 Nf6 46. Qf5 Be7 47. Qg6+ Kh8 48. Qxh6+ Nh7 49. Rf1 Qd8 50. Rf7 1-0

[Event "Tenerife-chT-A2"]
[Site "Tenerife"]
[Date "2013.04.06"]
[Round "10.1"]
[White "Szatkowski, Maksymilian"]
[Black "Perez de la Torre, Jorge"]
[Result "1-0"]
[WhiteElo "1552"]
[BlackElo "1683"]
[PlyCount "50"]
[EventDate "2013.01.19"]
[EventType "team-tourn"]
[EventRounds "13"]
[EventCountry "ESP"]
[SourceTitle "EXT 2014"]
[Source "ChessBase"]
[SourceDate "2013.11.20"]
[SourceVersion "1"]
[SourceVersionDate "2013.11.20"]
[SourceQuality "1"]
[WhiteTeam "El Sauzal Libreria Barco III"]
[BlackTeam "Circulo de Amistad XII Enero II"]
[WhiteTeamCountry "ESP"]
[BlackTeamCountry "ESP"]

1. d4 d5 2. Nf3 c6 3. c4 Nf6 4. Nc3 e6 5. g3 Nbd7 6. Bg2 Be7 7. 0-0 0-0 8. Qc2 b6 9. Rd1 Bb7 10. e4 dxe4 11. Nxe4 Nxe4 12. Qxe4 Nf6 13. Qc2 Qc7 14. Bf4 Bd6 15. Bxd6 Qxd6 16. Ne5 Qc7 17. Qe2 Rab8 18. b4 Rfd8 19. Rac1 c5 20. Bxb7 Rxb7 21. dxc5 Rxd1+ 22. Rxd1 bxc5 23. bxc5 h6 24. c6 Rb4 25. Qd2 Kh7 1-0

[Event "Tenerife-chT-A1"]
[Site "Tenerife"]
[Date "2013.03.16"]
[Round "8.2"]
[White "Dominguez Afonso, Ayraldo"]
[Black "Szatkowski, Maksymilian"]
[Result "1-0"]
[WhiteElo "1441"]
[BlackElo "1552"]
[PlyCount "68"]
[EventDate "2013.01.19"]
[EventType "team-tourn"]
[EventRounds "14"]
[EventCountry "ESP"]
[SourceTitle "EXT 2014"]
[Source "ChessBase"]
[SourceDate "2013.11.20"]
[SourceVersion "1"]
[SourceVersionDate "2013.11.20"]
[SourceQuality "1"]
[WhiteTeam "La Victoria 94"]
[BlackTeam "El Sauzal Libreria Barco II"]
[WhiteTeamCountry "ESP"]
[BlackTeamCountry "ESP"]

1. e4 d6 2. d4 Nf6 3. Nc3 g6 4. Be3 Bg7 5. f3 0-0 6. Qd2 e5 7. dxe5 dxe5 8. 0-0-0 Qxd2+ 9. Rxd2 c6 10. Nh3 Be6 11. Ng5 Bd7 12. Bc4 b5 13. Bb3 h6 14. Nh3 a5 15. a4 b4 16. Ne2 Rc8 17. g4 c5 18. Bc4 Bxa4 19. g5 hxg5 20. Nxg5 Be8 21. Ng3 Nbd7 22. h4 Nb6 23. Bf1 a4 24. Bh3 Rc6 25. Rdh2 Nc4 26. Bf2 a3 27. bxa3 bxa3 28. Kb1 Nd2+ 29. Ka1 Rb6 30. Be1 Nc4 31. Bc3 Ba4 32. Bf1 Nb2 33. Bxe5 Bxc2 34. Rxc2 a2 1-0

[Event "Tenerife-ch U16"]
[Site "Santa Cruz de Tenerife"]
[Date "2013.02.17"]
[Round "9"]
[White "Pozo Vinuesa, Pedro"]
[Black "Szatkowski, Maksymilian"]
[Result "1/2-1/2"]
[WhiteElo "1546"]
[BlackElo "1550"]
[PlyCount "118"]
[EventDate "2013.02.09"]
[EventType "swiss"]
[EventRounds "9"]
[EventCountry "ESP"]
[SourceTitle "EXT 2015"]
[Source "ChessBase"]
[SourceDate "2014.11.20"]
[SourceVersion "1"]
[SourceVersionDate "2014.11.20"]
[SourceQuality "1"]

1. e4 d6 2. d4 Nf6 3. Nc3 g6 4. Bc4 Bg7 5. Nf3 0-0 6. 0-0 c5 7. dxc5 dxc5 8. Qxd8 Rxd8 9. Re1 Nc6 10. Bf4 Nh5 11. Be3 b6 12. a3 e6 13. Rad1 Bb7 14. Bg5 Rxd1 15. Rxd1 Nd4 16. Ne1 Nf6 17. f3 h6 18. Be3 Ne8 19. Na2 Rd8 20. Kh1 Nd6 21. Bf1 Nc6 22. c3 g5 23. h3 Bf6 24. g4 Ne5 25. b3 c4 26. bxc4 Nexc4 27. Bxc4 Nxc4 28. Rxd8+ Bxd8 29. Bc1 Be7 30. Nb4 Kg7 31. Nec2 a5 32. Nd3 Bf6 33. Nd4 Kg6 34. Kg2 Be7 35. a4 Bc8 36. Nb5 Bf6 37. Nb2 Nxb2 38. Bxb2 Bd7 39. Kf2 Be5 40. Ke3 f5 41. Kd3 fxg4 42. fxg4 h5 43. Ke3 hxg4 44. hxg4 Kf6 45. Kf3 Bc6 46. Ke3 Bd7 47. Kf3 Kg6 48. Ke3 Kf7 49. Kd3 Kf6 50. Ke3 Bf4+ 51. Kf3 Be5 52. Ke3 Ke7 53. Ba3+ Kf6 54. c4 Bf4+ 55. Kf3 Bxb5 56. cxb5 Ke5 57. Bb2+ Kd6 58. Ba3+ Kc7 59. Bb2 Kd6 1/2-1/2

[Event "Tenerife-chT-A1"]
[Site "Tenerife"]
[Date "2013.02.16"]
[Round "4.4"]
[White "Szatkowski, Maksymilian"]
[Black "Barrio Pareja, Eduardo"]
[Result "0-1"]
[WhiteElo "1552"]
[BlackElo "2077"]
[PlyCount "47"]
[EventDate "2013.01.19"]
[EventType "team-tourn"]
[EventRounds "14"]
[EventCountry "ESP"]
[SourceTitle "EXT 2014"]
[Source "ChessBase"]
[SourceDate "2013.11.20"]
[SourceVersion "1"]
[SourceVersionDate "2013.11.20"]
[SourceQuality "1"]
[WhiteTeam "El Sauzal Libreria Barco II"]
[BlackTeam "Laguna Cotelec II"]
[WhiteTeamCountry "ESP"]
[BlackTeamCountry "ESP"]

1. d4 Nf6 2. Nf3 g6 3. c4 Bg7 4. Nc3 0-0 5. g3 d5 6. cxd5 Nxd5 7. e4 Nxc3 8. bxc3 c5 9. Bg2 Nc6 10. Bb2 cxd4 11. cxd4 Bg4 12. e5 Qb6 13. Qb3 Qa6 14. h3 Be6 15. Qa3 Qb5 16. Ng5 Nb4 17. Kd2 Bh6 18. f4 Bxg5 19. fxg5 Rfd8 20. Rhc1 Nd3 21. Qxd3 Qxb2+ 22. Qc2 Qxd4+ 23. Ke2 Rac8 24. Ke1 0-1

[Event "Tenerife op 23rd"]
[Site "Tenerife"]
[Date "2012.12.13"]
[Round "1"]
[White "Szatkowski, Maksymilian"]
[Black "Zimin, Vladimir"]
[Result "0-1"]
[WhiteElo "1552"]
[BlackElo "2402"]
[PlyCount "66"]
[EventDate "2012.12.13"]
[EventType "swiss"]
[EventRounds "9"]
[EventCountry "ESP"]
[SourceTitle "CBM 152 Extra"]
[Source "ChessBase"]
[SourceDate "2013.02.25"]
[SourceVersion "1"]
[SourceVersionDate "2013.02.25"]
[SourceQuality "1"]

1. d4 Nf6 2. c4 g6 3. Nc3 Bg7 4. e4 d6 5. Nf3 0-0 6. g3 c5 7. Bg2 Nc6 8. dxc5 dxc5 9. 0-0 Bg4 10. Be3 Nd4 11. h3 Nxf3+ 12. Bxf3 Qxd1 13. Bxd1 Bxh3 14. Re1 b6 15. Bg5 Be6 16. e5 Nd7 17. Bxe7 Nxe5 18. Bxf8 Kxf8 19. Nd5 Bxd5 20. cxd5 Nd3 21. Re3 Nxb2 22. Rb1 Rd8 23. Bf3 c4 24. Re2 c3 25. Rc2 b5 26. a3 a6 27. Kf1 Nc4 28. Rb3 Ke7 29. Ke2 Kd6 30. Rbxc3 Bxc3 31. Rxc3 Re8+ 32. Kd1 Kc5 33. Kc2 Re1 0-1